Представление документа в формате MARC21

Поле Инд. ПП Название Значение
Тип записи a
Библиографический уровень b
001 Контрольный номер RU/IS/BASE/160928677
005 Дата корректировки 20200630193141.2
084 a Индекс другой классификации/Индекс ББК 74в; 87.22; 87.25
100 1_ a Автор Миронов А. В.
245 10 a Заглавие Социально-гуманитарное образование сегодня: проблемы и перспективы
650 04 a Основная рубрика гносеология (эпистемология)
a Основная рубрика образование
a Основная рубрика философия
a Основная рубрика философия науки
653 0_ a Ключевые слова знание
a Ключевые слова научное знание
a Ключевые слова ноосфера
a Ключевые слова общественное развитие
a Ключевые слова познание
a Ключевые слова разум
a Ключевые слова социально-гуманитарное знание
a Ключевые слова социально-гуманитарное образование
773 18 t Заглавие источника Социально-гуманитарные знания
d Дата издания источника 2001
g Прочая информация № 3. - С. 13 - 32
w Контрольный № источника RU/IS/BASE/139676203
901 t Тип документа b